MANAGEMENT ACCOUNTING (Record no. 25210)
[ view plain ]
| 000 -LEADER | |
|---|---|
| fixed length control field | 00341nam a2200133Ia 4500 |
| 008 - FIXED-LENGTH DATA ELEMENTS--GENERAL INFORMATION | |
| fixed length control field | 240624s9999 xx 000 0 und d |
| 041 ## - LANGUAGE CODE | |
| Language code of text/sound track or separate title | eng |
| 082 ## - DEWEY DECIMAL CLASSIFICATION NUMBER | |
| Classification number | 657 SHA |
| 100 ## - MAIN ENTRY--PERSONAL NAME | |
| Personal name | SHANKARANARAYAN H V |
| 245 ## - TITLE STATEMENT | |
| Title | MANAGEMENT ACCOUNTING |
| 260 ## - PUBLICATION, DISTRIBUTION, ETC. | |
| Date of publication, distribution, etc. | 2014 |
| Place of publication, distribution, etc. | New Delhi |
| Name of publisher, distributor, etc. | Cengage Learning |
| 300 ## - PHYSICAL DESCRIPTION | |
| Extent | xx, : 801 : p. : cm. ; 26 |
| 365 ## - TRADE PRICE | |
| Currency code | RS |
| Price amount | 31 |
| Withdrawn status | Lost status | Damaged status | Not for loan | Home library | Current library | Shelving location | Date acquired | Source of acquisition | Cost, normal purchase price | Full call number | Barcode | Date last seen | Copy number | Price effective from | Koha item type |
|---|---|---|---|---|---|---|---|---|---|---|---|---|---|---|---|
| IMTN | IMTN | Rack 20-A | 10/08/2015 | WBD | 599.00 | 657 SHA | 25210 | 06/24/2024 | 1 | 06/24/2024 | Books |